000 00344 a2200145 4500
001 181776
020 _a
040 _cMagnum
100 _aPoloni, Delacir Ramos
240 1 0 _aAprendendo a construir geografia/v.1
_lpor
245 1 0 _aAprendendo a construir geografia/v.1
362 0 _a1899
697 _aMAGNITO: PARADIDATICO
942 _cBK
999 _c181776
_d181776